00381nam a2200157Ia 45000010006000000050017000060080041000230410008000640820016000721000027000882450052001152600009001673000031001766500008002076540008002152225820260414150819.0260414t2018||||xx |||||||||||||| ||spa|| aESP a621.3bF81A aFranklin, JerroldeAUT 0aSolved problems in classical electromagnetismb c2018 ax, 244 páginas :c23 cm. aTCA aCET